| 000 | 01109nam a2200229Ia 4500 | ||
|---|---|---|---|
| 001 | L235-9792 | ||
| 003 | IT-CnALBA | ||
| 008 | 170116s9999||||xx |||||||||||||| ||und|| | ||
| 040 |
_aIT-CnALBA _cIT-CnALBA |
||
| 041 | _aLATINO - MULTILINGUE | ||
| 100 | _aACERRARUM | ||
| 245 | 0 | _aBEATIFICATIONIS ET CANONIZATIONIS SERVAE DEI JOANNAE MARIAE A JESU EUCHARISTIA BRACAVAL. POSITIO SUPER INTRODUCTIONE. | |
| 250 | _a1a ed. | ||
| 260 |
_a ROMA _bBELLI E GUERRA TIPOGRAFIA _c1975 [1° Ed.:1975 - Ed.Ling.Originale: 1975] |
||
| 300 | _a494 p. | ||
| 500 | _aCONGREGAZIONE PER LE CAUSE DEI SANTI. INTRODUZIONE DELLA CAUSA DI GIOVANNA MARIA DI GESÙ EUCARISTIA BRACAVAL, RIFORMATRICE SUORE ANGELICHE DI S. PAOLO 1861 1935. | ||
| 501 | _aSocietà San Paolo EM - Piazza San Paolo, 14 - 12051 ALBA (CN) (non commercial uses only) ® Copyright 2017 | ||
| 520 | _aCONGREGAZIONE PER LE CAUSE DEI SANTI. INTRODUZIONE DELLA CAUSA DI GIOVANNA MARIA DI GESÙ EUCARISTIA BRACAVAL, RIFORMATRICE SUORE ANGELICHE DI S. PAOLO 1861 1935. | ||
| 650 | _aMARIA SS. ANGELI SANTI DEMONI | ||
| 942 | _cBK | ||
| 957 | _71 | ||
| 999 |
_a10768 _bNO _g Copie: 1 _c268968 _d268968 |
||